[Event "4NCL"]
[Site "De Vere, Staverton Park, ENG"]
[Date "2011.03.26"]
[Round "7.16"]
[White "Townsend, M Paul"]
[Black "Murphy, Hugh W"]
[Result "0-1"]
[WhiteElo "2266"]
[BlackElo "2191"]
[PlyCount "54"]
[EventDate "2011.??.??"]
[WhiteTeam "White Rose 1"]
[BlackTeam "Sambuca Sharks"]

1. d4 f5 2. c4 e6 3. g3 Nf6 4. Bg2 c6 5. Nf3 d5 6. O-O $1 Bd6 7. Nc3 O-O $1 8.
Qc2 Qe7 9. Bg5 h6 10. Bf4 Bxf4 11. gxf4 Bd7 12. Rab1 Be8 13. b4 dxc4 14. b5 Nd5
15. bxc6 Bxc6 16. e3 Nd7 17. a4 a6 18. Nd2 Rac8 19. Nxc4 Nxc3 20. Qxc3 Bd5 21.
Bxd5 exd5 22. Qa3 Qh4 23. Ne5 Nxe5 24. dxe5 Qg4+ 25. Kh1 Qf3+ 26. Kg1 Rc6 27.
Rfd1 Qh3 0-1

[Event "4NCL"]
[Site "De Vere, Staverton Park, ENG"]
[Date "2011.03.26"]
[Round "7.16"]
[White "Hasman, Cengiz"]
[Black "Arnott, Jonathan W"]
[Result "0-1"]
[WhiteElo "2097"]
[BlackElo "2177"]
[PlyCount "126"]
[EventDate "2011.??.??"]
[WhiteTeam "Sambuca Sharks"]
[BlackTeam "White Rose 1"]

1. d4 d5 2. c4 c6 3. cxd5 cxd5 4. Nf3 Nc6 5. Nc3 Nf6 6. Bf4 a6 7. Rc1 Bf5 8.
Ne5 Qb6 9. Nxc6 bxc6 10. Na4 Qa5+ 11. Bd2 Qc7 12. Nc5 Nd7 13. Nxd7 Bxd7 14. f4
Qb6 15. Bc3 e6 16. e3 Bd6 17. Bd3 c5 18. O-O Bb5 19. f5 Bxd3 20. Qxd3 c4 21.
Qe2 Qc7 22. fxe6 O-O 23. exf7+ Rxf7 24. Rxf7 Qxf7 25. Re1 Rf8 26. g3 Qe6 27. e4
Re8 28. e5 Bc7 29. Kg2 Bb6 30. Rf1 a5 31. Qf3 Ba7 32. a3 Bb6 33. Qf2 Qe7 34.
Qe1 Rf8 35. Rxf8+ Kxf8 36. Qd2 Qa7 37. Qf4+ Qf7 38. Qd2 Qf5 39. Qf4 Qf7 40. Qg4
h6 41. Qc8+ Qe8 42. Qb7 Qe6 43. h3 Kg8 44. g4 Kh7 45. Qb8 Qg6 46. Qf8 Bxd4 47.
Bxd4 Qe4+ 48. Kg3 Qxd4 49. Qf5+ Kg8 50. e6 Qe3+ 51. Kh4 Qg5+ 52. Kg3 Qxf5 53.
gxf5 d4 54. Kf3 a4 55. h4 h5 56. Ke4 d3 57. Ke3 Kf8 58. Kd2 Ke7 59. Kc3 Kf6 60.
b4 cxb3 61. Kxd3 g6 62. fxg6 Kxe6 63. g7 Kf7 0-1

[Event "4NCL"]
[Site "De Vere, Staverton Park, ENG"]
[Date "2011.03.26"]
[Round "7.16"]
[White "Gayson, Peter M"]
[Black "Linford, Charles M"]
[Result "1/2-1/2"]
[WhiteElo "2173"]
[BlackElo "2122"]
[PlyCount "70"]
[EventDate "2011.??.??"]
[WhiteTeam "White Rose 1"]
[BlackTeam "Sambuca Sharks"]

1. e4 c5 2. Nf3 e6 3. d4 cxd4 4. Nxd4 Nc6 5. Nc3 a6 6. Be2 Qc7 7. O-O Nf6 8.
Kh1 Bb4 9. Qd3 O-O 10. f4 Nxd4 11. Qxd4 Bxc3 12. bxc3 d5 13. e5 Ne4 14. c4 Rd8
15. cxd5 Nc3 16. Bf3 Nxd5 17. Rd1 b5 18. f5 Bb7 19. Bg5 Rd7 20. fxe6 fxe6 21.
Rac1 Rc8 22. Bg4 Qc6 23. Qe4 Qb6 24. Qd4 Qc6 25. Qe4 Rf7 26. h3 b4 27. Rf1 Rcf8
28. Rxf7 Rxf7 29. Bf3 Qb6 30. Qd3 Rf5 31. Bd2 Rxe5 32. Re1 Rxe1+ 33. Bxe1 Nf6
34. Bxb7 Qxb7 35. Qd6 a5 1/2-1/2

[Event "4NCL"]
[Site "De Vere, Staverton Park, ENG"]
[Date "2011.03.26"]
[Round "7.17"]
[White "Cuenca Jimenez, Jose Fernando"]
[Black "Savage, Ben DM"]
[Result "1-0"]
[WhiteElo "2493"]
[BlackElo "2289"]
[PlyCount "73"]
[EventDate "2011.??.??"]
[WhiteTeam "Guildford A&DC 1"]
[BlackTeam "Oxford 1"]

1. c4 f5 2. g3 Nf6 3. Bg2 d6 4. Nc3 e6 5. d3 Be7 6. e4 fxe4 7. dxe4 Nc6 8. Nge2
O-O $1 9. O-O $1 Qe8 10. f4 Qh5 11. h3 Qc5+ 12. Kh1 Qxc4 13. b3 Qa6 14. Be3 Bd7
15. g4 Rad8 16. Ng3 Ne8 17. Qd2 b5 18. g5 b4 19. Nce2 Qc8 20. h4 a5 21. Rac1
Nb8 22. h5 c5 23. f5 Nc7 24. h6 exf5 25. hxg7 Kxg7 26. exf5 Bxf5 27. Nh5+ Kg8
28. Qb2 Rf7 29. Neg3 Bh3 30. Rxf7 Bxg2+ 31. Kxg2 Kxf7 32. Qg7+ Ke6 33. Re1 Qb7+
34. Kh2 Nc6 35. Qxh7 Ne5 36. Qf5+ Kd5 37. Qe4+ 1-0

[Event "4NCL"]
[Site "De Vere, Staverton Park, ENG"]
[Date "2011.03.26"]
[Round "7.17"]
[White "Zakarian, David"]
[Black "Plaskett, H James"]
[Result "0-1"]
[WhiteElo "2362"]
[BlackElo "2475"]
[PlyCount "106"]
[EventDate "2011.??.??"]
[WhiteTeam "Oxford 1"]
[BlackTeam "Guildford A&DC 1"]

1. e4 c5 2. Nf3 d6 3. Bb5+ Bd7 4. Bxd7+ Nxd7 5. O-O Ngf6 6. Re1 e6 7. c3 Be7 8.
d4 cxd4 9. cxd4 d5 10. e5 Ne4 11. Nbd2 Nxd2 12. Bxd2 O-O 13. Qb3 Qb6 14. Qa4
Nb8 15. b4 a6 16. a3 Nc6 17. Bc3 Rac8 18. Rac1 Rc7 19. h4 Rfc8 20. Qb3 Na5 21.
Qa4 Nc4 22. Re2 Qb5 23. Qxb5 axb5 24. Bb2 Nxe5 25. dxe5 Rxc1+ 26. Bxc1 Rxc1+
27. Kh2 Rc4 28. Rd2 f6 29. g3 Kf7 30. Kg2 Rc3 31. Ra2 Rc4 32. Rd2 Bd8 33. Nd4
fxe5 34. Nxb5 Ke7 35. f3 Bb6 36. Re2 e4 37. fxe4 dxe4 38. Rb2 e5 39. a4 Bd4 40.
Rb3 Rc2+ 41. Kf1 Ke6 42. a5 Kd5 43. Na3 Rc3 44. Rxc3 Bxc3 45. Nc2 Kc4 46. Ke2
Bxb4 47. Ke3 Kc3 48. Ne1 Bxa5 49. Kxe4 b5 50. g4 b4 51. Nd3 b3 52. g5 Bc7 53.
h5 Bb6 0-1

[Event "4NCL"]
[Site "De Vere, Staverton Park, ENG"]
[Date "2011.03.26"]
[Round "7.17"]
[White "Cherniaev, Alexander"]
[Black "Rawlinson, Aidan M"]
[Result "1-0"]
[WhiteElo "2446"]
[BlackElo "2183"]
[PlyCount "53"]
[EventDate "2011.??.??"]
[WhiteTeam "Guildford A&DC 1"]
[BlackTeam "Oxford 1"]

1. e4 c5 2. c3 d5 3. exd5 Qxd5 4. d4 Nf6 5. Nf3 e6 6. a3 Be7 7. Be3 Ng4 8. Nbd2
cxd4 9. cxd4 O-O 10. Bd3 Bd7 11. Ne4 Bc6 12. Qc2 Nxe3 13. fxe3 Bb5 14. Nc3 Bxd3
15. Qxd3 Qb3 16. O-O Nd7 17. Nd2 Qb6 18. b4 Rac8 19. Nb3 Qc6 20. Rac1 b6 21.
Qb5 Qxb5 22. Nxb5 a6 23. Na7 Rxc1 24. Rxc1 Bd6 25. Rc6 Bb8 26. Nc8 g6 27. Nxb6
1-0

[Event "4NCL"]
[Site "De Vere, Staverton Park, ENG"]
[Date "2011.03.26"]
[Round "7.17"]
[White "White, Michael JR"]
[Black "Camacho Collados, Marcos"]
[Result "0-1"]
[WhiteElo "2233"]
[BlackElo "2376"]
[PlyCount "110"]
[EventDate "2011.??.??"]
[WhiteTeam "Oxford 1"]
[BlackTeam "Guildford A&DC 1"]

1. e4 e5 2. d4 exd4 3. Qxd4 Nc6 4. Qe3 d6 5. Bd2 Nf6 6. Nc3 Ng4 7. Qg3 Be7 8.
h4 Bf6 9. O-O-O Bd4 10. Nh3 O-O 11. Be2 Qd7 12. Rdf1 a6 13. Nf4 b5 14. Ncd5 Ra7
15. h5 h6 16. f3 Nf6 17. Nxf6+ Bxf6 18. Nd5 Qe6 19. Kb1 Nd4 20. Bd3 Bd8 21. Ne3
Kh8 22. Qf2 c5 23. g4 Rb7 24. c3 Nc6 25. f4 c4 26. Bc2 b4 27. Rfg1 Ba5 28. f5
Qe8 29. cxb4 Bxb4 30. Nxc4 Bc5 31. Be3 Rb4 32. Bxc5 dxc5 33. Qxc5 Rb5 34. Qa3
Nd4 35. Bd3 Qd8 36. Rh3 Bb7 37. Nd6 Rb6 38. e5 Qb8 39. Nc4 Nb5 40. Qc5 Rc6 41.
Qb4 Rfc8 42. g5 Qa7 43. Rhg3 hxg5 44. Rxg5 Qd4 45. Qb3 Rxc4 46. Bxc4 Rxc4 47.
Rxg7 Qf4 48. Qxc4 Qxc4 49. Rg8+ Kh7 50. f6 Be4+ 51. Ka1 Kh6 52. a3 Nd4 53. Rh8+
Bh7 54. Rg7 Qc1+ 55. Ka2 Qb1# 0-1

[Event "4NCL"]
[Site "De Vere, Staverton Park, ENG"]
[Date "2011.03.26"]
[Round "7.17"]
[White "Suarez Real, Alberto"]
[Black "Smallbone, Kieran D"]
[Result "0-1"]
[WhiteElo "2386"]
[BlackElo "2221"]
[PlyCount "74"]
[EventDate "2011.??.??"]
[WhiteTeam "Guildford A&DC 1"]
[BlackTeam "Oxford 1"]

1. e4 c6 2. d4 d5 3. Nc3 dxe4 4. Nxe4 Bf5 5. Ng3 Bg6 6. Nf3 Nd7 7. h4 h6 8. h5
Bh7 9. Bd3 Bxd3 10. Qxd3 e6 11. Bf4 Qa5+ 12. Bd2 Bb4 13. c3 Be7 14. c4 Qc7 15.
O-O-O Ngf6 16. Kb1 O-O 17. Ne4 Rad8 18. Nxf6+ Nxf6 19. Qe2 b5 20. c5 Ng4 21. g3
e5 22. Nh4 Qc8 23. f3 Bxh4 24. gxh4 Qf5+ 25. Ka1 Nf6 26. dxe5 Nxh5 27. Rhg1 Qd3
28. Qg2 g6 29. a3 Kh7 30. f4 Rd5 31. Qg4 Rfd8 32. e6 fxe6 33. Qxe6 Qf5 34. Qe7+
Ng7 35. h5 Qxh5 36. Rh1 Rxd2 37. Rde1 Rd1+ 0-1

[Event "4NCL"]
[Site "De Vere, Staverton Park, ENG"]
[Date "2011.03.26"]
[Round "7.17"]
[White "Tidman, Sophie E"]
[Black "Povah, Nigel E"]
[Result "1-0"]
[WhiteElo "2109"]
[BlackElo "2336"]
[PlyCount "57"]
[EventDate "2011.??.??"]
[WhiteTeam "Oxford 1"]
[BlackTeam "Guildford A&DC 1"]

1. e4 c5 2. Nf3 e6 3. d4 cxd4 4. Nxd4 Nf6 5. Nc3 Nc6 6. Be3 Bb4 7. Bd3 d5 8.
exd5 Nxd5 9. Nxc6 bxc6 10. Bd2 Nxc3 11. Bxc3 Bxc3+ 12. bxc3 Qf6 13. O-O O-O 14.
Qh5 g6 15. Qc5 e5 16. Rfe1 Re8 17. Rab1 Bf5 18. Rb7 e4 19. Bc4 Be6 20. Bb3 Bxb3
21. cxb3 Rad8 22. h3 Rd2 23. f3 Qh4 24. Qe3 Rxa2 25. fxe4 Re5 26. Kh1 f5 27.
Rd1 Rxe4 28. Qg3 Qf6 29. Qb8+ 1-0

[Event "4NCL"]
[Site "De Vere, Staverton Park, ENG"]
[Date "2011.03.26"]
[Round "7.17"]
[White "Anderton, Matthew N"]
[Black "Dickinson, Tim R"]
[Result "1/2-1/2"]
[WhiteElo "2225"]
[BlackElo "2155"]
[PlyCount "49"]
[EventDate "2011.??.??"]
[WhiteTeam "Guildford A&DC 1"]
[BlackTeam "Oxford 1"]

1. e4 c6 2. d4 d5 3. Nc3 dxe4 4. Nxe4 Nd7 5. Bd3 Ngf6 6. Ng5 e6 7. N1f3 Bd6 8.
Qe2 h6 9. Ne4 Nxe4 10. Qxe4 Nf6 11. Qe2 O-O 12. Bd2 c5 13. dxc5 Bxc5 14. O-O-O
Bd7 15. Ne5 Qb6 16. Nxd7 Nxd7 17. Rhf1 Rac8 18. Bc3 Rfd8 19. Qg4 Bf8 20. Bd4
Qc6 21. Qe4 Qxe4 22. Bxe4 b6 23. Bb7 Rc7 24. Ba6 Nc5 25. Bxc5 1/2-1/2

[Event "4NCL"]
[Site "De Vere, Staverton Park, ENG"]
[Date "2011.03.26"]
[Round "7.18"]
[White "Morrison, Graham"]
[Black "Bisby, Daniel L"]
[Result "1-0"]
[WhiteElo "2340"]
[BlackElo "2306"]
[PlyCount "71"]
[EventDate "2011.??.??"]
[WhiteTeam "Barbican 4NCL 2"]
[BlackTeam "Cambridge University 1"]

1. d4 Nf6 2. c4 e6 3. Nf3 c5 4. d5 exd5 5. cxd5 g6 6. Nc3 d6 7. Nd2 Bg7 8. e4
O-O $1 9. Be2 Re8 10. O-O $1 a6 11. a4 Nbd7 12. Qc2 Rb8 13. a5 Nh5 14. Bxh5
gxh5 15. Ra3 Ne5 16. Nd1 Kh8 17. Ne3 Ng4 18. Ndc4 Qf6 19. Bd2 Nxe3 20. Rxe3 h4
21. Bc3 Qg6 22. Bxg7+ Kxg7 23. f4 Bd7 24. Qc3+ Kg8 25. f5 Qh6 26. e5 Bb5 27.
Nxd6 Bxf1 28. Kxf1 Red8 29. Ne4 Qf4+ 30. Kg1 Qxf5 31. Nf6+ Kf8 32. e6 fxe6 33.
Rf3 Qg6 34. dxe6 Rd1+ 35. Kf2 Rbd8 36. Nd5+ 1-0

[Event "4NCL"]
[Site "De Vere, Staverton Park, ENG"]
[Date "2011.03.26"]
[Round "7.18"]
[White "Moskovic, David M"]
[Black "Rogers, Jonathan W"]
[Result "1/2-1/2"]
[WhiteElo "2293"]
[BlackElo "2338"]
[PlyCount "108"]
[EventDate "2011.??.??"]
[WhiteTeam "Cambridge University 1"]
[BlackTeam "Barbican 4NCL 2"]

1. e4 c5 2. Nc3 Nc6 3. Bb5 Nd4 4. Ba4 a6 5. Bb3 e6 6. Nf3 Nxf3+ 7. Qxf3 d6 8.
O-O Nf6 9. d3 Be7 10. Qg3 O-O 11. Bh6 Ne8 12. f4 f5 13. Bg5 fxe4 14. Bxe7 Qxe7
15. f5 Nf6 16. dxe4 b5 17. e5 dxe5 18. Bxe6+ Bxe6 19. Qxe5 b4 20. Na4 Rae8 21.
Qxe6+ Qxe6 22. fxe6 Rxe6 23. Rfe1 Rxe1+ 24. Rxe1 c4 25. Nb6 b3 26. Nxc4 bxc2
27. Rc1 Nd5 28. a3 Kf7 29. Rxc2 Ke6 30. Rf2 Rc8 31. Re2+ Kf6 32. b3 g5 33. Rd2
Rc5 34. Kf2 a5 35. Kf3 a4 36. bxa4 Rxc4 37. Rxd5 Rc3+ 38. Ke4 Rxa3 39. Rd6+ Kg7
40. Ra6 Ra2 41. Kf3 h5 42. h3 Ra3+ 43. Kf2 Ra2+ 44. Kg3 Ra3+ 45. Kh2 h4 46. Ra8
Ra1 47. a5 Kh7 48. a6 Kg7 49. g4 hxg3+ 50. Kxg3 Ra4 51. Kf3 Kh6 52. Ke2 Ra3 53.
a7 Kg7 54. Kd2 Kh7 1/2-1/2

[Event "4NCL"]
[Site "De Vere, Staverton Park, ENG"]
[Date "2011.03.26"]
[Round "7.18"]
[White "Martyn, Rafe"]
[Black "Alfred, Nathan SW"]
[Result "0-1"]
[WhiteElo "2292"]
[BlackElo "2277"]
[PlyCount "76"]
[EventDate "2011.??.??"]
[WhiteTeam "Barbican 4NCL 2"]
[BlackTeam "Cambridge University 1"]

1. d4 Nf6 2. c4 g6 3. Nc3 Bg7 4. e4 d6 5. h3 O-O 6. Bg5 c5 7. d5 Nbd7 8. Nf3
Qa5 9. Bd3 b5 10. cxb5 a6 11. bxa6 Rb8 12. Bd2 Rxb2 13. Nb5 Qb6 14. a4 c4 15.
Bc2 Bxa6 16. O-O Bxb5 17. axb5 Nc5 18. Bc3 Rxb5 19. Nd4 Nfxe4 20. Bxe4 Nxe4 21.
Nxb5 Bxc3 22. Rb1 Bf6 23. Qc2 Ng3 24. Rfd1 Rc8 25. Nd4 Qa7 26. Nc6 Qc5 27. Rb7
Nf5 28. Qe4 c3 29. g4 c2 30. Rc1 Nd4 31. Nxe7+ Bxe7 32. Qxe7 Qxd5 33. Rc7 Rxc7
34. Qxc7 Ne2+ 35. Kf1 Nxc1 36. Qc8+ Kg7 37. Qc3+ f6 38. Qxc2 Qd3+ 0-1

[Event "4NCL"]
[Site "De Vere, Staverton Park, ENG"]
[Date "2011.03.26"]
[Round "7.18"]
[White "Churm, Rohan M"]
[Black "Dorrington, Chris J"]
[Result "1-0"]
[WhiteElo "2153"]
[BlackElo "2263"]
[PlyCount "75"]
[EventDate "2011.??.??"]
[WhiteTeam "Cambridge University 1"]
[BlackTeam "Barbican 4NCL 2"]

1. e4 c5 2. Nc3 Nc6 3. g3 g6 4. Bg2 Bg7 5. d3 d6 6. Be3 Nf6 7. h3 Bd7 8. f4 O-O
9. Nf3 b5 10. O-O b4 11. Ne2 Rc8 12. g4 c4 13. Ng3 cxd3 14. cxd3 Ne8 15. Qd2
Qa5 16. d4 e6 17. f5 exf5 18. gxf5 Nf6 19. d5 Ne5 20. Nxe5 dxe5 21. a3 Rb8 22.
axb4 Qxb4 23. Qxb4 Rxb4 24. Bc5 Rb3 25. Bxf8 Bxf8 26. fxg6 Rxg3 27. Rxf6 Bxh3
28. gxh7+ Kxh7 29. Kh2 Rxg2+ 30. Kxh3 Rxb2 31. Rxa7 Rb3+ 32. Kg4 Kg8 33. Rfxf7
Re3 34. Kf5 Bc5 35. Rg7+ Kh8 36. Rh7+ Kg8 37. Rag7+ Kf8 38. Rc7 1-0

[Event "4NCL"]
[Site "De Vere, Staverton Park, ENG"]
[Date "2011.03.26"]
[Round "7.18"]
[White "Franklin, Samuel GA"]
[Black "Pickard, Charles"]
[Result "1/2-1/2"]
[WhiteElo "2180"]
[BlackElo "2134"]
[PlyCount "102"]
[EventDate "2011.??.??"]
[WhiteTeam "Barbican 4NCL 2"]
[BlackTeam "Cambridge University 1"]

1. e4 c5 2. Nf3 Nc6 3. d4 cxd4 4. Nxd4 e6 5. Nc3 a6 6. Nxc6 bxc6 7. Bd3 e5 8.
O-O Nf6 9. f4 d6 10. Kh1 Be7 11. Qf3 Nd7 12. Bd2 O-O 13. Ne2 Bf6 14. Bc3 exf4
15. Qxf4 Bxc3 16. Nxc3 Ne5 17. Ne2 Qb6 18. b3 a5 19. Ng3 a4 20. Rad1 axb3 21.
axb3 Qb4 22. Qg5 Bg4 23. Rc1 f6 24. Qe3 Rfe8 25. h3 Be6 26. Be2 Bf7 27. Rfd1 d5
28. exd5 Bxd5 29. Qd4 Qb7 30. Bf1 Rad8 31. Qf2 Qb4 32. Nf5 Qc3 33. Qg3 Qxg3 34.
Nxg3 Rb8 35. Nf5 g6 36. Nd4 f5 37. Kg1 Be4 38. Ne2 Red8 39. Rxd8+ Rxd8 40. Nc3
Rd2 41. Nxe4 fxe4 42. Re1 Rxc2 43. Rxe4 Rc5 44. Ra4 h5 45. Ra7 Kf8 46. Kf2 Rc3
47. Rb7 Nd3+ 48. Bxd3 Rxd3 49. b4 Rc3 50. Rc7 Rc4 51. Rb7 Rc3 1/2-1/2

[Event "4NCL"]
[Site "De Vere, Staverton Park, ENG"]
[Date "2011.03.26"]
[Round "7.18"]
[White "Shridhar Mitesh"]
[Black "Coleman, David J"]
[Result "1-0"]
[WhiteElo "2118"]
[BlackElo "2258"]
[PlyCount "67"]
[EventDate "2011.??.??"]
[WhiteTeam "Cambridge University 1"]
[BlackTeam "Barbican 4NCL 2"]

1. e4 d5 2. exd5 Qxd5 3. Nc3 Qa5 4. d4 Nf6 5. Nf3 Bf5 6. Ne5 c6 7. Nc4 Qd8 8.
g3 Nd5 9. Bg2 Be6 10. Ne4 Nc3 11. Qd3 Nxe4 12. Bxe4 Bd5 13. Bf4 e6 14. Be5 Nd7
15. O-O Nf6 16. Bxf6 gxf6 17. Rfe1 Be7 18. Rad1 h5 19. h4 Qd7 20. Bxd5 Qxd5 21.
Ne3 Qd7 22. c4 O-O-O 23. d5 Bc5 24. Qc2 Qc7 25. a3 Bd6 26. Qe4 Rdg8 27. dxe6
Bxg3 28. fxg3 Qxg3+ 29. Ng2 f5 30. Qe2 f4 31. Rd3 Qg6 32. e7 Re8 33. Qf3 Kb8
34. Qxf4+ 1-0

[Event "4NCL"]
[Site "De Vere, Staverton Park, ENG"]
[Date "2011.03.26"]
[Round "7.18"]
[White "Bhatia, Kanwal K"]
[Black "Chevannes, Sabrina L"]
[Result "1-0"]
[WhiteElo "2087"]
[BlackElo "2062"]
[PlyCount "97"]
[EventDate "2011.??.??"]
[WhiteTeam "Barbican 4NCL 2"]
[BlackTeam "Cambridge University 1"]

1. e4 c6 2. d4 d5 3. exd5 cxd5 4. c4 Nf6 5. Nc3 g6 6. Qb3 Bg7 7. cxd5 O-O 8.
Be2 Nbd7 9. Bf3 Nb6 10. Nge2 Bg4 11. Bxg4 Nxg4 12. a4 Qd7 13. a5 Nc8 14. O-O
Rd8 15. Be3 Nd6 16. Rad1 Nf5 17. Bc1 Nf6 18. Nf4 Qc7 19. Qb4 Nd6 20. Rfe1 Bf8
21. Nd3 Qc4 22. b3 Qxb4 23. Nxb4 Rac8 24. Rd3 Nf5 25. Bd2 h6 26. Nb5 a6 27. Nc3
e6 28. Na4 Nxd5 29. Nxd5 exd5 30. Nb6 Rc2 31. g4 Nh4 32. Bf4 g5 33. Bg3 Ng6 34.
Red1 Bb4 35. Ra1 Ne7 36. Re3 Nc6 37. Bc7 Rf8 38. Nxd5 Bd2 39. Re4 Nb4 40. Ne7+
Kh7 41. Bd6 Rd8 42. Bxb4 Bxb4 43. Nf5 Rc3 44. Re3 Rd5 45. Rae1 Rc7 46. Rd1 Bxa5
47. Rh3 Bb4 48. Rxh6+ Kg8 49. Rd3 1-0

[Event "4NCL"]
[Site "De Vere, Staverton Park, ENG"]
[Date "2011.03.27"]
[Round "8.11"]
[White "Howell, David W L"]
[Black "Cuenca Jimenez, Jose Fernando"]
[Result "1-0"]
[WhiteElo "2612"]
[BlackElo "2493"]
[PlyCount "91"]
[EventDate "2011.??.??"]
[WhiteTeam "Pride & Prejudice"]
[BlackTeam "Guildford A&DC 1"]

1. d4 d6 2. Nf3 Nf6 3. c4 g6 4. Nc3 Bg7 5. e4 O-O 6. Be2 Na6 7. O-O e5 8. Be3
Ng4 9. Bg5 Qe8 10. dxe5 dxe5 11. Nd2 f5 12. Bxg4 fxg4 13. Be3 c6 14. c5 Be6 15.
Qe2 Qf7 16. Ncb1 b5 17. a4 Nc7 18. axb5 cxb5 19. Nc3 a6 20. b4 Rfd8 21. Rfd1 h5
22. f3 Rd7 23. fxg4 Bxg4 24. Nf3 Rf8 25. Rxd7 Bxd7 26. Qd2 Bg4 27. Ng5 Qc4 28.
h3 Bc8 29. Rc1 Qb3 30. Rb1 Qc4 31. Rc1 Qb3 32. Kh2 Ne6 33. Nd5 Nxg5 34. Bxg5
Kh7 35. c6 Be6 36. c7 Bc8 37. Ne7 Qe6 38. Rc6 Qf7 39. Nxg6 Re8 40. Qe2 Kg8 41.
Qxh5 a5 42. bxa5 b4 43. Qh4 b3 44. Ne7+ Kf8 45. Nxc8 Rxc8 46. Bh6 1-0

[Event "4NCL"]
[Site "De Vere, Staverton Park, ENG"]
[Date "2011.03.27"]
[Round "8.11"]
[White "Plaskett, H James"]
[Black "Hebden, Mark L"]
[Result "1/2-1/2"]
[WhiteElo "2475"]
[BlackElo "2546"]
[PlyCount "39"]
[EventDate "2011.??.??"]
[WhiteTeam "Guildford A&DC 1"]
[BlackTeam "Pride & Prejudice"]

1. e4 e5 2. Nf3 Nc6 3. Bb5 a6 4. Ba4 Nf6 5. O-O Be7 6. Re1 b5 7. Bb3 O-O 8. a4
b4 9. d3 d6 10. Nbd2 Rb8 11. h3 Na5 12. Ba2 c5 13. Nc4 Nc6 14. Ne3 Nd4 15. Bc4
Ne8 16. Nxd4 cxd4 17. Nd5 Nc7 18. f4 Nxd5 19. exd5 Bh4 20. Rf1 1/2-1/2

[Event "4NCL"]
[Site "De Vere, Staverton Park, ENG"]
[Date "2011.03.27"]
[Round "8.11"]
[White "Rowson, Jonathan W"]
[Black "Cherniaev, Alexander"]
[Result "1-0"]
[WhiteElo "2576"]
[BlackElo "2446"]
[PlyCount "57"]
[EventDate "2011.??.??"]
[WhiteTeam "Pride & Prejudice"]
[BlackTeam "Guildford A&DC 1"]

1. d4 Nf6 2. c4 d6 3. Nc3 Bf5 4. f3 e5 5. e4 exd4 6. Qxd4 Nc6 7. Qf2 Be6 8. Be3
Ne5 9. c5 dxc5 10. Bxc5 Bxc5 11. Qxc5 Nfd7 12. Qf2 f5 13. f4 Ng4 14. Qd4 Qe7
15. O-O-O O-O-O 16. Qxa7 Nb6 17. Re1 Qd6 18. Nf3 Qxf4+ 19. Kb1 fxe4 20. Be2 Nf2
21. Rhf1 e3 22. Ka1 Qb4 23. Rc1 Nd3 24. Rc2 Qc5 25. Bxd3 Rxd3 26. Rfc1 Bf5 27.
Ne2 Qd6 28. Rxc7+ Qxc7 29. Qxb6 1-0

[Event "4NCL"]
[Site "De Vere, Staverton Park, ENG"]
[Date "2011.03.27"]
[Round "8.11"]
[White "Camacho Collados, Marcos"]
[Black "Summerscale, Aaron P"]
[Result "1/2-1/2"]
[WhiteElo "2376"]
[BlackElo "2437"]
[PlyCount "52"]
[EventDate "2011.??.??"]
[WhiteTeam "Guildford A&DC 1"]
[BlackTeam "Pride & Prejudice"]

1. e4 e6 2. d3 d5 3. Nd2 Nf6 4. Ngf3 Bc5 5. d4 Be7 6. Bd3 c5 7. c3 Nc6 8. exd5
Nxd5 9. Nb3 cxd4 10. Nbxd4 Nxd4 11. Nxd4 O-O 12. O-O Qc7 13. Qh5 g6 14. Qf3 Rd8
15. Rd1 a6 16. Ne2 e5 17. Bc2 Be6 18. Bb3 Nf6 19. Bg5 Bg4 20. Qe3 Rxd1+ 21.
Rxd1 Bc5 22. Qd3 Bf5 23. Qf3 Ng4 24. Rf1 h6 25. Bc1 Rd8 26. g3 Qb6 1/2-1/2

[Event "4NCL"]
[Site "De Vere, Staverton Park, ENG"]
[Date "2011.03.27"]
[Round "8.11"]
[White "Ward, Chris G"]
[Black "Suarez Real, Alberto"]
[Result "1/2-1/2"]
[WhiteElo "2449"]
[BlackElo "2386"]
[PlyCount "47"]
[EventDate "2011.??.??"]
[WhiteTeam "Pride & Prejudice"]
[BlackTeam "Guildford A&DC 1"]

1. d4 Nf6 2. c4 g6 3. Nc3 Bg7 4. e4 d6 5. f3 O-O 6. Be3 Nbd7 7. Nh3 e5 8. d5
Nh5 9. Qc2 f5 10. O-O-O a5 11. exf5 gxf5 12. g4 fxg4 13. Ng5 Ndf6 14. fxg4 Nf4
15. Rg1 Bd7 16. Bxf4 exf4 17. Ne6 Bxe6 18. dxe6 Qe7 19. Bd3 Qxe6 20. Rde1 Qd7
21. Bf5 Qc6 22. g5 Nd7 23. Bxh7+ Kh8 24. Be4 1/2-1/2

[Event "4NCL"]
[Site "De Vere, Staverton Park, ENG"]
[Date "2011.03.27"]
[Round "8.11"]
[White "Povah, Nigel E"]
[Black "Emms, John M"]
[Result "1/2-1/2"]
[WhiteElo "2336"]
[BlackElo "2475"]
[PlyCount "22"]
[EventDate "2011.??.??"]
[WhiteTeam "Guildford A&DC 1"]
[BlackTeam "Pride & Prejudice"]

1. d4 Nf6 2. Nf3 d6 3. Nc3 Bf5 4. Nh4 Bd7 5. e4 e5 6. Nf3 Nc6 7. Be2 g6 8. dxe5
dxe5 9. O-O Bg7 10. Be3 O-O 11. h3 Re8 1/2-1/2

[Event "4NCL"]
[Site "De Vere, Staverton Park, ENG"]
[Date "2011.03.27"]
[Round "8.11"]
[White "Winkelmann, Elena"]
[Black "Anderton, Matthew N"]
[Result "1/2-1/2"]
[WhiteElo "2106"]
[BlackElo "2225"]
[PlyCount "70"]
[EventDate "2011.??.??"]
[WhiteTeam "Pride & Prejudice"]
[BlackTeam "Guildford A&DC 1"]

1. d4 Nf6 2. c4 e6 3. Nf3 c5 4. d5 exd5 5. cxd5 d6 6. Nc3 g6 7. h3 a6 8. a4 Qe7
9. Bf4 Nbd7 10. e3 Bg7 11. Be2 O-O 12. O-O Re8 13. Qc2 Nh5 14. Bh2 Ne5 15. Rfe1
Nxf3+ 16. Bxf3 Be5 17. Bxh5 Bxh2+ 18. Kxh2 Qe5+ 19. f4 Qxh5 20. Rac1 Qh4 21.
Qd2 Bd7 22. a5 Re7 23. e4 Rae8 24. Rf1 f5 25. e5 dxe5 26. d6 Re6 27. fxe5 Rxe5
28. Nd5 Re2 29. Qc3 Bc6 30. Nf4 Qxf4+ 31. Rxf4 Rxg2+ 32. Kh1 Rg3+ 33. Kh2 Rg2+
34. Kh1 Rg3+ 35. Kh2 Rg2+ 1/2-1/2

[Event "4NCL"]
[Site "De Vere, Staverton Park, ENG"]
[Date "2011.03.27"]
[Round "8.11"]
[White "Grigoryan, Meri"]
[Black "Sahl, Sheila"]
[Result "1-0"]
[WhiteElo "2064"]
[BlackElo "2173"]
[PlyCount "97"]
[EventDate "2011.??.??"]
[WhiteTeam "Guildford A&DC 1"]
[BlackTeam "Pride & Prejudice"]

1. d4 f5 2. Nf3 Nf6 3. Bg5 e6 4. c3 b6 5. g3 Bb7 6. Bg2 Be7 7. Nbd2 O-O 8. Qb3
a5 9. c4 a4 10. Qc2 c5 11. e3 Qe8 12. Rd1 Nc6 13. O-O Nb4 14. Qb1 a3 15. b3 Ne4
16. Bxe7 Qxe7 17. Nxe4 Bxe4 18. Qa1 Rad8 19. Ne1 Bxg2 20. Kxg2 d5 21. Nd3 cxd4
22. Nxb4 Qxb4 23. Rxd4 e5 24. Rxd5 Rxd5 25. cxd5 Qe4+ 26. Kg1 Qxd5 27. Rd1 Qf3
28. Qc1 f4 29. exf4 exf4 30. Qc4+ Kh8 31. Qd3 Qh5 32. Qd5 Qe2 33. Qd8 Rg8 34.
Qd2 Qh5 35. Qd5 Qh6 36. Qd6 fxg3 37. hxg3 Qh5 38. Re1 h6 39. Qxa3 Qf3 40. Qe7
Rf8 41. Qe3 Qb7 42. Rd1 b5 43. Rd6 Qa8 44. Qd4 Re8 45. Kh2 Qxa2 46. Rxh6+ Kg8
47. Qd5+ Kf8 48. Rh8+ Ke7 49. Qe5+ 1-0

[Event "4NCL"]
[Site "De Vere, Staverton Park, ENG"]
[Date "2011.03.27"]
[Round "8.12"]
[White "Ledger, Andrew J"]
[Black "McNab, Colin A"]
[Result "1-0"]
[WhiteElo "2429"]
[BlackElo "2454"]
[PlyCount "117"]
[EventDate "2011.??.??"]
[WhiteTeam "Betsson.com"]
[BlackTeam "White Rose 1"]

1. d4 d6 2. Nf3 g6 3. g3 Bg7 4. c4 e5 5. Nc3 Nd7 6. Bg2 Ne7 7. O-O O-O 8. e4
exd4 9. Nxd4 Nc6 10. Nde2 a6 11. Be3 Rb8 12. Rc1 Nce5 13. b3 b5 14. cxb5 axb5
15. f4 Ng4 16. Bd4 Bxd4+ 17. Nxd4 Ne3 18. Qe2 Nxf1 19. Nc6 Qe8 20. Nxb8 Nxb8
21. Nd5 Qd8 22. Nxc7 Nxg3 23. hxg3 b4 24. Qb5 Nd7 25. Nd5 Nc5 26. Qxb4 Be6 27.
Qd4 Bxd5 28. Qxd5 Qb6 29. Kh2 Ne6 30. Rc2 Rd8 31. Rd2 Kf8 32. Bh3 Nc7 33. Qd4
Qxd4 34. Rxd4 Ke7 35. Rb4 d5 36. e5 f5 37. Bf1 d4 38. Bd3 h6 39. Kg1 Ne6 40.
Rb7+ Kf8 41. b4 Rc8 42. Kf2 Rc3 43. Ke2 h5 44. Kd2 h4 45. gxh4 Nxf4 46. Bf1 Rf3
47. Bc4 Rf2+ 48. Ke1 Rc2 49. Bb3 Ng2+ 50. Kf1 Ne3+ 51. Kg1 Rc1+ 52. Kf2 Ng4+
53. Kf3 Nxe5+ 54. Kf4 Nc6 55. Kg5 d3 56. Kf6 Ke8 57. Be6 d2 58. Rh7 Kd8 59.
Rd7+ 1-0